000 00490nam a2200181Ia 4500
008 100917s9999 xx 000 0 und d
082 _b45491
100 _aब्रह्मांडकर उज्वल
245 _aजुगार
260 _bराजेज प्रकाशन
_c1981
300 _a132
365 _b10
520 _aकादंबरी
630 _aजुगार
650 _aकादंबरी
730 _aजुगार
942 _cBOOK
999 _c650885
_d650882